| 000 -LEADER | |
|---|---|
| fixed length control field | 00489nam a22001817a 4500 |
| 005 - DATE AND TIME OF LATEST TRANSACTION | |
| control field | 20230112112218.0 |
| 008 - FIXED-LENGTH DATA ELEMENTS--GENERAL INFORMATION | |
| fixed length control field | 200225b xxu||||| |||| 00| 0 eng d |
| 020 ## - INTERNATIONAL STANDARD BOOK NUMBER | |
| ISBN | 978-93-86478-58-0 |
| 041 ## - LANGUAGE CODE | |
| Language code of text/sound track or separate title | eng |
| 082 ## - DEWEY DECIMAL CLASSIFICATION NUMBER | |
| Classification number | 616.07 |
| 100 ## - MAIN ENTRY--AUTHOR NAME | |
| Personal name | LAL, HARBANS |
| 245 ## - TITLE STATEMENT | |
| Title | ESSENTIALS OF PHARMACEUTICAL BIOCHEMISTRY (including practical exercises) |
| 250 ## - EDITION STATEMENT | |
| Edition statement | 2nd , Ed.2019 |
| 260 ## - PUBLICATION, DISTRIBUTION, ETC. (IMPRINT) | |
| Place of publication | NEW DELHI |
| Name of publisher | CBS |
| Year of publication | 2019 |
| 300 ## - PHYSICAL DESCRIPTION | |
| Number of Pages | 219p, |
| 650 ## - SUBJECT ADDED ENTRY--TOPICAL TERM | |
| Topical Term | PHARMACY |
| General subdivision | B.PHARMA |
| 942 ## - ADDED ENTRY ELEMENTS (KOHA) | |
| Koha item type | Books |
| Lost status | Damaged status | Collection code | Home library | Current library | Shelving location | Date acquired | Source of acquisition | Cost, normal purchase price | Full call number | Accession Number | Koha item type |
|---|---|---|---|---|---|---|---|---|---|---|---|
| Reference | JRU Library | JRU Library | SHELF-5-C | 25/02/2020 | PURCHESS | 325.00 | 616.07 | 23642 | Books | ||
| PHARMACY | JRU Library | JRU Library | SHELF-17-F | 25/02/2020 | PURCHESS | 325.00 | 616.07 | 23643 | Books | ||
| PHARMACY | JRU Library | JRU Library | Shelf - 22- H | 08/02/2022 | PURCHASE | 495.00 | 616.07 | 25963 | Books | ||
| PHARMACY | JRU Library | JRU Library | SHELF-17-G | 08/02/2022 | PURCHASE | 495.00 | 616.07 | 25964 | Books |